书目信息 |
| 书名: | American Government | |
| 作者: | Theodore J. Lowi, Benjamin Ginsberg. | |
| 分册号: | ||
| 分册名: | 出版地: | New York : |
|
| 出版社: | W.W.Norton & Co | |
| 出版时间: | 1994. | |
| 页数: | 779 p. ; | |
| 开本: | 29cm. | |
| 丛书名: | ||
| 中图分类号: | ||
| 科图分类号: | ||
| 其他分类号: | D771.2 | |
| 主题词: | ||
| 电子资源: | ||
| 000 | 00460nam 2200157 a 4500 | |
| 001 | E0236215500 | |
| 005 | 2002011610033479 | |
| 008 | 020116s1994 00010 eng | |
| 020 | @a0-393-96465-5 :@cRMB 12.00. | |
| 040 | @aPFT@beng | |
| 090 | @aD771.2 | |
| 099 | @dD771.2@eL912 | |
| 245 | @aAmerican Government :@bFreedom and Power / @cTheodore J. Lowi, Benjamin Ginsberg. | |
| 250 | @a3rd.ed. | |
| 260 | @aNew York :@bW.W.Norton & Co.,@c1994. | |
| 300 | @a779 p. ;@c29cm. | |
| American Government : : Freedom and Power / / Theodore J. Lowi, Benjamin Ginsberg.-3rd.ed.-New York : : W.W.Norton & Co., , 1994. |
| 779 p. ; ; 29cm. |
| ISBN 0-393-96465-5 :RMB 12.00. |
| ● |
| 相关链接 |
|
|
|
正题名:American Government
索取号:D771.2/L912
 
预约/预借
| 序号 | 登录号 | 条形码 | 馆藏地/架位号 | 状态 | 备注 |
| 1 | 01603 | 300016033 | 社科库509/509社科库 53排1列5层/ [索取号:D771.2/L912] | 在馆 |